Najpopularniejsze zwierzęta domowe - Statystyki

Ogólne statystyki
  • Ten quiz został rozwiązany 217 razy
  • Średni wynik to 7 z 10
Statystyki odpowiedzi
numer Zwierze domowe % Poprawnych
2 Kot
99%
1 Pies
98%
7 Chomik
94%
4 Świnka Morska
84%
8 Papuga
79%
6 Królik
69%
5 Ryby (rybki)
63%
10 Żółw
45%
3 Kanarek
43%
9 Szynszyla
17%
Nie znaleziono quizów pasujących do podanych kryteriów
Rozkład punktacji
Procent ludzi z każdym wynikiem
Percentyl według liczby udzielonych odpowiedzi
Twoja historia wyników
Nie rozwiązałeś tego quizu